000 00831nam a22002053a 4500
005 20251002063908.0
008 011002s2000 mx fr 000 0 spa d
020 _a9870000037
035 _aUPN01000112408
049 _aCG
050 4 _aLB1028.3
_bF6.7
245 0 0 _aFormación del profesorado para el nuevo siglo :
_baportes de la tecnología educativa apropiada.
260 _aBuenos Aires :
_bLumen-Hvmanitas,
_c2000.
300 _a220 p.
500 _a"Ponencias presentadas a los cursos de tecnología educativa, nuevas tecnologías de la información y la comunicación y educación, realizadas en Buenos Aires el 7 y 8 de mayo de 1997 y 1999"
650 4 _aTecnología educativa
_xInvestigación
_914476
650 2 _aMaestros
_xFormacion profesional
_xInvestigación
_9792
650 4 _aEducación
_9682
905 _aLibro
999 _c86316
_d86316